000
00448nam a2200145Ia 4500
008
100204s9999 xx 000 0 und d
082
_b
23665
100
_a
भावे राम
245
_a
बहुरूपी वामन
260
_b
"पुष्प प्रकाशन , पुणे"
_c
1999
300
_a
168
630
_a
बहुरूपी वामन
730
_a
बहुरूपी वामन
942
_c
BOOK
999
_c
468920
_d
468917